00430nam a2200145Ia 4500008004100000020001800041082001800059100003800077245006100115250000800176260003200184300001400216600002700230650002700257241115s9999 xx 000 0 und d a0-675-20449-6 a621.38102 BER aBerlin, Howard M.; Getz, Frank C. 0aPrinciples of Electronic Instrumentation and Measurement a.NA aNew York:bMacmillon,c1988 axiv,466p. aElectrical Engineering aElectronic Engineering